[Event "ARG-chJ"]
[Site "San Jorge"]
[Date "1993.??.??"]
[Round "4"]
[White "Gamboa, Juan"]
[Black "Pierrot, Facundo"]
[Result "1-0"]
[WhiteElo "1675"]
[BlackElo "2315"]

1.c4 c5 2.Nf3 Nf6 3.Nc3 b6 4.g3 Bb7 5.Bg2 e6 6.O-O Be7 7.d4 cxd4 8.Qxd4 d6
9.b3 Nbd7 10.Rd1 a6 11.Ba3 Nc5 12.Na4 O-O 13.Nxc5 bxc5 14.Qc3 Qb6 15.Bb2 a5
16.Ng5 Bxg2 17.Kxg2 a4 18.Qd3 Rab8 19.Bxf6  1-0

[Event "San Martin"]
[Site "San Martin"]
[Date "1993.??.??"]
[Round "11"]
[White "Rubinetti, Jorge A"]
[Black "Scarella, Enrique"]
[Result "1/2-1/2"]
[WhiteElo "2455"]
[BlackElo "2410"]

1.Nf3 c5 2.c4 Nf6 3.Nc3 g6 4.e4 Nc6 5.d4 cxd4 6.Nxd4 d6 7.Be2 Bg7 8.Be3 O-O
9.O-O Bd7 10.Rc1 Nxd4 11.Bxd4 Bc6 12.f3 a5 13.b3 Nd7 14.Be3 Nc5 15.Qd2 Qb6
16.Rc2 Rfc8 17.Rb1 Qb4 18.Qc1 Qb6 19.Bf1 Qd8 20.Kh1 Qf8 21.Qd2 Be5 22.Nd5 Bxd5
23.exd5 f5 24.g3 Qf7 25.Bg2 b6 26.f4 Bf6 27.a3 Qg7 28.Qf2 Rab8 29.Qe2 h5
30.Bf3 Rc7 31.Kg2 Bd4 32.Qd2 Bxe3 33.Qxe3 Qf6 34.b4 axb4 35.axb4 Nd7 36.Re1 Nf8
37.Ree2 Kg7 38.Qa3 Kf7 39.Qa6 Nd7 40.Qa2 Rbb7 41.Qb3 Ra7 42.Qd3 Nf8 43.Qe3 Rab7
44.Kh3 Rb8 45.Re1 Nd7 46.Rce2 Nf8 47.Rc1 Nd7 48.Ra2 Rbc8 49.Rac2 Ra7 50.Re1 Rac7
51.Rce2 Re8 52.Qd3 Nf8 53.Ra2 Rec8 54.Rc2 Rb8 55.Qe3 Nd7 56.Qf2 Nf8 57.Rcc1 Kg8
58.Qe3 Kf7 59.Re2 Nd7 60.Qd2 Nf8 61.Qe3 Nd7 62.Rce1 Nf8 63.Rc2 Nd7 64.Bd1 Nf8
65.Rc3 Kg7 66.Bb3 Ra8 67.Rcc1 Raa7 68.Qf2 Rcb7 69.Rc2 Ra3 70.Rb1 Nh7 71.Ra2 Rxa2
72.Qxa2 Qd4 73.Qa1 Qxa1 74.Rxa1 Nf6 75.Ra8 Ne4 76.Ba4 Nf2+ 77.Kg2 Nd3 78.Bc6 Rc7
79.b5 Nb2 80.Kf2 Nxc4 81.Ke2 e5 82.Kd3 Nb2+ 83.Kc2 exf4 84.Kxb2 f3 85.Ra3 Re7
86.Rxf3 Re2+ 87.Kc3 Rxh2 88.Re3 Rg2 89.Be8 Kh6 90.Kd3 Kg5 91.Re6 Rxg3+ 92.Ke2 Kf4
93.Bxg6 h4 94.Bh7 h3 95.Rh6 Rb3 96.Rh5 h2 97.Rxf5+ Kg3 98.Rh5 Rxb5 99.Be4 Rb4
100.Ke3 Rb3+ 101.Kd4 Rb4+  1/2-1/2

[Event "San Martin"]
[Site "San Martin"]
[Date "1993.??.??"]
[Round "11"]
[White "Hoffman, Alejandro"]
[Black "Szmetan, Jorge"]
[Result "1/2-1/2"]
[WhiteElo "2440"]
[BlackElo "2415"]

1.Nf3 c5 2.c4 Nf6 3.Nc3 e6 4.g3 b6 5.Bg2 Bb7 6.O-O Be7 7.Re1 d5 8.cxd5 Nxd5
9.e4 Nb4 10.d4 cxd4 11.Nxd4 N8c6 12.Nxc6 Qxd1 13.Rxd1 Bxc6 14.Bf4 g5 15.Bd6 Bxd6
16.Rxd6 Ke7 17.e5 Bxg2 18.Kxg2 Rhd8 19.Rad1 Rxd6 20.exd6+ Kd7 21.a3 Na6 22.Ne4 h6
23.Nf6+ Kc6 24.Ng4 f6 25.Nxf6 Rd8 26.Ng4 Rxd6 27.Rxd6+ Kxd6 28.Nxh6 Ke7 29.Kf3 Nc5
30.Ng4 b5 31.Ne5 Kf6 32.Nc6 a6 33.b4 Na4 34.Nb8 Nb2 35.Nd7+ Kf5 36.g4+ Kg6
37.Nc5 Kf6 38.Kg3 Nc4 39.f4 gxf4+ 40.Kxf4 e5+ 41.Kg3 Nxa3 42.h4 Nc2 43.Nxa6 e4
44.Nc7 Ke5 45.h5 Nxb4 46.Nxb5 Nd5 47.Na3 e3 48.Nc2 e2 49.Ne1 Kf6 50.Kh4 Ne3
51.g5+ Kf5  1/2-1/2

[Event "SCO-ch100"]
[Site "?"]
[Date "1993.??.??"]
[Round "?"]
[White "Pritchett, Craig William"]
[Black "Mannion, Stephen R"]
[Result "1/2-1/2"]
[WhiteElo "2360"]
[BlackElo "2405"]

1.c4 Nf6 2.Nf3 c5 3.Nc3 b6 4.d4 cxd4 5.Nxd4 Bb7 6.f3 d6 7.e4 e6 8.Be2 Be7
9.O-O O-O 10.Be3 a6 11.Qd2 Qc7 12.Rac1 Nbd7 13.Rfd1 Rac8 14.Qe1 Qb8 15.Qg3 Rfe8
16.Nc2 Bf8 17.Bf1 Ne5 18.Na3 Bc6 19.Bd4 Kh8 20.Re1 Ned7 21.Nc2 Bb7 22.Rcd1 Qc7
23.Qf2 Be7 24.Rc1 Qb8 25.Na4 e5 26.Be3 Bc6 27.Nxb6 Nxb6 28.Bxb6  1/2-1/2

[Event "Seefeld op"]
[Site "Seefeld"]
[Date "1993.??.??"]
[Round "1"]
[White "Nadenau, Oskar"]
[Black "Pilz, Dieter"]
[Result "0-1"]
[WhiteElo "1950"]
[BlackElo "2250"]

1.c4 Nf6 2.Nc3 c5 3.Nf3 g6 4.d4 cxd4 5.Nxd4 Bg7 6.e4 d6 7.Be2 O-O 8.O-O a6
9.Be3 b6 10.f3 Bb7 11.Qd2 Nbd7 12.Rac1 Rc8 13.Nd5 Re8 14.Rfd1 e6 15.Nxf6+ Bxf6
16.b3 Qc7 17.Nc2 Be7 18.Kh1 Ne5 19.Qe1 Bf8 20.Qf2 Nd7 21.Ne1 a5 22.Nc2 Nc5
23.Na3 Bc6 24.Nb1 f5 25.exf5 exf5 26.Nc3 Qe7 27.Bd4 Bg7 28.Bxg7 Kxg7 29.Qd4+ Kh6
30.Qf4+ Qg5 31.Qxg5+ Kxg5 32.Rxd6 Re3 33.Kg1 h5 34.Kf2 Re6 35.Rcd1 Rce8 36.g3 Re3
37.Rxc6 Rxc3 38.Rcd6 Kh6 39.R1d2 h4 40.Rxb6 hxg3+ 41.hxg3 f4 42.Rc6 fxg3+
43.Kxg3 Ne4+ 44.Kg4 Nxd2  0-1

[Event "Seefeld op"]
[Site "Seefeld"]
[Date "1993.??.??"]
[Round "8"]
[White "Schunk, Thomas"]
[Black "Piepho, Niels"]
[Result "1-0"]
[WhiteElo "2210"]
[BlackElo "1980"]

1.c4 Nf6 2.Nc3 c5 3.Nf3 g6 4.d4 cxd4 5.Nxd4 Bg7 6.e4 d6 7.Be2 O-O 8.O-O Nc6
9.Nc2 Be6 10.Ne3 Nd7 11.f4 Nc5 12.f5 Bd7 13.Ned5 e6 14.f6 Bh8 15.Bf4 exd5
16.Bxd6 d4 17.Nd5 Re8 18.Bxc5 Rxe4 19.Qd3 Re6 20.Be7 Nxe7 21.fxe7 Qc8 22.Rae1 Be5
23.Bg4 f5 24.Bxf5 gxf5 25.Rxe5 Rxe5 26.Qg3+ Kf7 27.Qxe5 Qh8 28.Qd6 Qc8 29.Qf6+ Kg8
30.e8=Q+  1-0

[Event "Seefeld op"]
[Site "Seefeld"]
[Date "1993.??.??"]
[Round "8"]
[White "Niedermayer, Anton"]
[Black "Engel, Karsten"]
[Result "1-0"]
[WhiteElo "1950"]
[BlackElo "1805"]

1.c4 Nf6 2.Nc3 e6 3.Nf3 c5 4.d4 d5 5.cxd5 Nxd5 6.e4 Nxc3 7.bxc3 cxd4 8.cxd4 Nc6
9.Be2 Bb4+ 10.Bd2 Qa5 11.Bxb4 Qxb4+ 12.Qd2 b6 13.a3 Qxd2+ 14.Kxd2 O-O 15.Rac1 Bb7
16.Bb5 Na5 17.Ke3 Rac8 18.Nd2 Rfd8 19.f3 Kf8 20.g4 Ke7 21.h4 Kd6 22.Rhd1 Rxc1
23.Rxc1 Rc8 24.e5+ Ke7 25.Rxc8 Bxc8 26.Ne4 Bd7 27.Bd3 Nb7 28.Nc3 h6 29.Be4 Na5
30.Bd3 Nb7 31.h5 Na5 32.f4 Nc6 33.f5 Nb8 34.d5 exd5 35.Nxd5+ Kf8 36.Ke4 Nc6
37.Bc4 Ne7 38.Nc7 Bc6+ 39.Kf4 Ng8 40.e6 fxe6 41.Nxe6+ Ke8 42.Nxg7+ Kf8 43.Ne6+ Ke8
44.Nd4 Ne7 45.Nxc6 Nxc6 46.Bb5  1-0

[Event "Hospitalet op"]
[Site "Sitges"]
[Date "1993.??.??"]
[Round "3"]
[White "Shevelev, Sergei"]
[Black "Suba, Mihai"]
[Result "1/2-1/2"]
[WhiteElo "2430"]
[BlackElo "2500"]

1.Nf3 c5 2.c4 Nf6 3.Nc3 e6 4.g3 b6 5.Bg2 Bb7 6.O-O a6 7.d4 cxd4 8.Qxd4 d6
9.Rd1 Nbd7 10.Ng5 Bxg2 11.Kxg2 Rc8 12.Nge4 Rc6 13.Bf4 Nxe4 14.Nxe4 Qa8 15.Qd3 Nc5
16.Qf3 Nxe4 17.Qxe4 Qc8 18.Rac1 Be7 19.b4 f5 20.Qd3 O-O 21.b5 axb5 22.cxb5 Rc5
23.Be3 Qa8+ 24.Kg1 d5 25.Bxc5 Bxc5 26.Rxc5 bxc5 27.Qe3 Kf7 28.Qxc5 Rc8 29.Qd6 Rc2
30.b6 Rxe2 31.Qd7+ Kf6 32.a4 Qa5 33.Qa7 Qb4 34.a5 Re1+ 35.Rxe1 Qxe1+ 36.Kg2 Qe4+
37.Kg1 Qe1+ 38.Kg2  1/2-1/2

[Event "Hospitalet op"]
[Site "Sitges"]
[Date "1993.??.??"]
[Round "5"]
[White "Spassov, Liuben"]
[Black "Suba, Mihai"]
[Result "0-1"]
[WhiteElo "2435"]
[BlackElo "2500"]

1.Nf3 c5 2.c4 Nf6 3.Nc3 e6 4.g3 b6 5.Bg2 Bb7 6.O-O Be7 7.d4 cxd4 8.Qxd4 d6
9.b3 O-O 10.Ba3 Na6 11.Rfd1 Nc5 12.Qe3 Qb8 13.Nd4 Rc8 14.Rac1 a6 15.h3 Ra7
16.Bxb7 Rxb7 17.Qf3 Rbc7 18.Bb2 Bf8 19.Rc2 Ncd7 20.Rdc1 Ne5 21.Qg2 Nfd7 22.Kh2 Nc6
23.Nxc6 Rxc6 24.Nd1 b5 25.Ne3 bxc4 26.Rxc4 Rxc4 27.Nxc4 d5 28.Ne5 Nc5 29.Qf3 f6
30.Nd3 Ne4 31.Qe3 Bd6 32.Rxc8+ Qxc8 33.Kg2 Kf7 34.Qa7+ Kg6 35.h4 h5 36.Qe3 Qc2
37.Qf3 Qd1 38.Qe3 e5 39.f3 Nd2 40.Qf2  0-1

[Event "Sitges op"]
[Site "Sitges"]
[Date "1993.??.??"]
[Round "7"]
[White "Pogorelov, Ruslan"]
[Black "Magem Badals, Jorge"]
[Result "1-0"]
[WhiteElo "2415"]
[BlackElo "2505"]

1.Nf3 Nf6 2.c4 c5 3.Nc3 d5 4.cxd5 Nxd5 5.d4 e6 6.e4 Nxc3 7.bxc3 cxd4 8.cxd4 Nc6
9.Bc4 Bb4+ 10.Bd2 Bxd2+ 11.Qxd2 O-O 12.O-O b6 13.Rad1 Na5 14.Bd3 Bb7 15.Rfe1 Rc8
16.d5 exd5 17.e5 Qe7 18.Nd4 g6 19.Qh6 f5 20.h4 Nc6 21.Nb5 Nd8 22.Nd6 Rc5
23.h5 Nf7 24.Qf4 Bc8 25.hxg6 hxg6 26.Qg3 Qg5 27.Nxc8 Qxg3 28.Ne7+ Kg7 29.fxg3 Re8
30.Nc6 Re6 31.Nd4 Re7 32.e6 Nd6 33.g4 Kf6 34.gxf5 gxf5 35.Bxf5 Nxf5 36.Rf1 Ke5
37.Nxf5 Re8 38.Rde1+  1-0

[Event "SLO-chT"]
[Site "?"]
[Date "1993.??.??"]
[Round "?"]
[White "Polajzer, Danilo"]
[Black "Karnar, Marijan"]
[Result "1-0"]
[WhiteElo "2450"]
[BlackElo "2255"]

1.Nf3 Nf6 2.c4 e6 3.Nc3 c5 4.e3 Be7 5.d4 O-O 6.Bd3 d6 7.O-O b6 8.Qe2 Bb7
9.Rd1 cxd4 10.exd4 a6 11.Bf4 Re8 12.h3 Nbd7 13.Rac1 Bf8 14.Bg5 Qc7 15.Nd2 g6
16.Nde4 Bg7 17.Qe3 Nxe4 18.Nxe4 f5 19.Nc3 Nf6 20.b3 Rac8 21.Re1 Bc6 22.Bf1 Qb8
23.Qd2 Bd7 24.a4 Kf7 25.b4 Bf8 26.c5 a5 27.b5 bxc5 28.dxc5 Rxc5 29.Bxf6 Kxf6
30.Ne4+ fxe4 31.Rxc5 d5 32.Rcc1 Bb4 33.Qd4+ Qe5 34.Red1 Qxd4 35.Rxd4 Ke5
36.Rxb4 axb4 37.a5 Kd4 38.b6 b3 39.a6 Bc6 40.Rd1+ Kc3 41.Rc1+ Kd2 42.Rxc6 b2
43.b7 e3  1-0

[Event "St Martin op"]
[Site "St Martin"]
[Date "1993.??.??"]
[Round "7"]
[White "Arnason, Jon L"]
[Black "Thorsteins, Karl"]
[Result "1/2-1/2"]
[WhiteElo "2535"]
[BlackElo "2480"]

1.c4 c5 2.Nf3 Nf6 3.Nc3 e6 4.g3 Nc6 5.Bg2 d5 6.cxd5 Nxd5 7.O-O Be7 8.d4 O-O
9.Nxd5 exd5 10.dxc5 Bxc5 11.Qc2 Bb6 12.b3 Re8 13.Ba3 Qf6 14.Qd2 Bf5 15.Rac1  1/2-1/2

[Event "St Martin op"]
[Site "St Martin"]
[Date "1993.??.??"]
[Round "9"]
[White "Gulko, Boris F"]
[Black "Olafsson, Helgi"]
[Result "1/2-1/2"]
[WhiteElo "2625"]
[BlackElo "2515"]

1.c4 Nf6 2.Nc3 c5 3.Nf3 d5 4.cxd5 Nxd5 5.d4 Nxc3 6.bxc3 g6 7.e3 Bg7 8.Bd3 O-O
9.O-O Qc7 10.Qe2 b6 11.e4 Bg4 12.Be3 Nc6 13.Rac1 e6 14.Rfd1 f5 15.exf5 exf5
16.h3 Bh5 17.dxc5 Ne5 18.Bc4+ Kh8 19.Bd5 Rae8 20.cxb6 axb6 21.Qc2 Nxf3+ 22.gxf3 g5
23.Re1 f4 24.Bd2  1/2-1/2

[Event "St Petersburg op"]
[Site "St Petersburg"]
[Date "1993.??.??"]
[Round "?"]
[White "Tosic, Miroslav"]
[Black "Anastasian, Ashot"]
[Result "1/2-1/2"]
[WhiteElo "2465"]
[BlackElo "2530"]

1.Nf3 Nf6 2.c4 c5 3.Nc3 b6 4.d4 cxd4 5.Nxd4 Bb7 6.Bg5 d6 7.Bxf6 gxf6 8.e4 e6
9.Qh5 Qc8 10.Be2 Nc6 11.Nc2 Ne5 12.f4 Ng6 13.Rf1 e5 14.fxe5 dxe5 15.O-O-O Bg7
16.Ne3 O-O 17.Nf5 Rd8 18.Rd5 Qc7 19.Rf3 Bxd5 20.Rh3 h6 21.exd5 e4 22.Rg3 Re8
23.d6 Qd7 24.Nd5 Re5 25.Nde7+ Rxe7 26.dxe7 Re8 27.h4 Rxe7 28.Nxe7+ Nxe7 29.Qxh6 Nf5
30.Rxg7+ Nxg7 31.Qxf6 e3 32.Qc3 Qe7 33.b4 Nf5 34.c5 bxc5 35.bxc5 Qxh4 36.c6 Qh1+
37.Kc2 Qxg2 38.Qc4 Qxc6 39.Qxc6 Nd4+ 40.Kd3 Nxc6 41.Kxe3 Kf8 42.Ke4 Ke7 43.Kd5 Nb4+
44.Kc5 Nxa2 45.Kc4 f5 46.Bf1  1/2-1/2

[Event "St Petersburg op"]
[Site "St Petersburg"]
[Date "1993.??.??"]
[Round "?"]
[White "Poluljahov, Aleksandr"]
[Black "Karasev, Vladimir I"]
[Result "1-0"]
[WhiteElo "2505"]
[BlackElo "2395"]

1.Nf3 Nf6 2.c4 c5 3.Nc3 b6 4.e4 d6 5.d4 cxd4 6.Nxd4 Bb7 7.Qe2 Nc6 8.Nxc6 Bxc6
9.g3 Rc8 10.Bg5 e6 11.Bg2 h6 12.Bf4 Be7 13.O-O O-O 14.Rac1 Ne8 15.Be3 Qd7
16.f4 Bf6 17.Bf2 Qb7 18.Nb5 e5 19.Rfd1 a6 20.Nxd6 Nxd6 21.Rxd6 Be7 22.Rd3 exf4
23.gxf4 f5 24.Rb3 Bd8 25.Re1 fxe4 26.Bxe4 Rxf4 27.Bxc6 Qxc6 28.Qe8+ Qxe8
29.Rxe8+ Kf7 30.Re2 Rc6 31.Rd3 Rg6+ 32.Bg3 Bf6 33.b3 h5 34.Rf2 Rfg4 35.Kf1 Kg8
36.Rf4 R4g5 37.a4 Kh7 38.Re4 Rf5+ 39.Rf4 Rxf4+ 40.Bxf4 Be7 41.Ke2 Rc6 42.Rd5 Kg6
43.Kf3 Rc5 44.Rd7 Bf6 45.Rd6 b5 46.Rxa6 bxc4 47.b4 Rc8 48.b5 Rd8 49.Rc6 Rd3+
50.Ke2 Kf5 51.Rxc4 Rb3 52.Bc7 Ke6 53.Rc5 Kd7 54.b6 Be7 55.Rxh5 Kc6 56.a5 Ra3
57.Rb5 Kb7 58.Be5 g6 59.Rd5 Kc6 60.b7 Rb3 61.a6 Kxd5 62.a7 Bc5 63.a8=Q  1-0

[Event "St Petersburg op"]
[Site "St Petersburg"]
[Date "1993.??.??"]
[Round "?"]
[White "Poluljahov, Aleksandr"]
[Black "Yemelin, Vasily"]
[Result "0-1"]
[WhiteElo "2505"]
[BlackElo "2345"]

1.Nf3 Nf6 2.c4 e6 3.Nc3 c5 4.e3 Nc6 5.d4 d5 6.a3 Ne4 7.Bd3 Nxc3 8.bxc3 dxc4
9.Bxc4 Be7 10.O-O O-O 11.e4 Qc7 12.Qe2 Na5 13.Ba2 Bd7 14.d5 e5 15.c4 a6 16.Bd2 Bd6
17.Qe1 b6 18.Bc3 Rab8 19.Nh4 Nb7 20.Nf5 Bxf5 21.exf5 e4 22.Qxe4 Bxh2+ 23.Kh1 Rfe8
24.Qf3 Be5 25.f6 Bxc3 26.Qxc3 Qe5 27.Qxe5 Rxe5 28.Rab1 Nd6 29.Rb2 gxf6 30.a4 Re7
31.Rfb1 Reb7 32.Rc1 Kf8 33.g3 Ke7 34.Kg2 Kd7 35.Kf3 b5 36.cxb5 axb5 37.Rxc5 bxa4
38.Rxb7+ Rxb7 39.Ra5 Rb4 40.Ra7+ Kc8 41.Ra6 Ne4 42.d6 Kd7 43.Ra7+ Kxd6 44.Ke3 Nxf2
45.Kxf2 Rb2+ 46.Ke3 Rxa2 47.Rxf7 Ke5 48.Re7+ Kf5 49.Rxh7 Ra3+ 50.Kf2 Rb3
51.Rh5+ Ke6 52.Ra5 a3 53.g4 Kd6 54.g5 fxg5 55.Rxg5 Rb1 56.Ra5 Ra1 57.Kg2 Kc6
58.Kf2 Kb6 59.Ra8 Kb5 60.Rb8+ Kc4 61.Ra8 Kb3 62.Rb8+ Ka2 63.Ke2 Rb1 64.Rc8 Rb5
65.Kd2 Kb3 66.Rc3+ Kb4 67.Kc2 a2 68.Rb3+ Ka4  0-1

[Event "Rilton Cup op9394"]
[Site "Stockholm"]
[Date "1993.??.??"]
[Round "2"]
[White "Ornstein, Axel"]
[Black "Lindberg, Bengt"]
[Result "1/2-1/2"]
[WhiteElo "2440"]
[BlackElo "2335"]

1.Nf3 Nf6 2.c4 c5 3.Nc3 e6 4.e3 Nc6 5.d4 d5 6.cxd5 exd5 7.Be2 cxd4 8.Nxd4 Bd6
9.O-O O-O 10.Ncb5 Bb8 11.Qc2 a6 12.Nxc6 bxc6 13.Nd4 Qd6 14.g3 c5 15.Nb3 Ba7
16.Rd1 Bh3 17.Nd2 Rfd8 18.b3 Rac8 19.Bb2 Qe6 20.Bxf6 Qxf6 21.Rac1 Bf5 22.Bd3 Bg4
23.Re1 g6 24.Be2 Bf5  1/2-1/2

[Event "FRM-ch"]
[Site "Struga"]
[Date "1993.??.??"]
[Round "10"]
[White "Stamenkov, Vanco"]
[Black "Jacimovic, Dragoljub"]
[Result "1/2-1/2"]
[WhiteElo "2345"]
[BlackElo "2405"]

1.Nf3 c5 2.c4 Nf6 3.Nc3 b6 4.g3 Bb7 5.Bg2 g6 6.O-O Bg7 7.Re1 O-O 8.e4 Nc6
9.d3 d6 10.Rb1 Ne8 11.a3 Nc7 12.Nd5 Ne6 13.b4 Ned4 14.Nxd4 Nxd4 15.Bg5 f6
16.Be3 e6  1/2-1/2

[Event "FRM-ch"]
[Site "Struga"]
[Date "1993.??.??"]
[Round "11"]
[White "Jacimovic, Dragoljub"]
[Black "Nedev, Trajce"]
[Result "1-0"]
[WhiteElo "2405"]
[BlackElo "2230"]

1.c4 c5 2.Nf3 Nf6 3.Nc3 g6 4.d4 Bg7 5.e4 cxd4 6.Nxd4 d6 7.Be2 Nc6 8.Be3 O-O
9.O-O Bd7 10.f4 Nxd4 11.Bxd4 Bc6 12.Bf3 Nd7 13.Bxg7 Kxg7 14.Qd2 a5 15.Rad1 Qb6+
16.Kh1 Rad8 17.Rfe1 Nc5 18.Nd5 Bxd5 19.exd5 Rfe8 20.Re3 Qa6 21.Qd4+ Kg8 22.Rde1 b5
23.Rxe7 Rxe7 24.Rxe7 bxc4 25.Qf6 Rf8 26.h4 Qc8 27.Qxd6 Nd3 28.Qf6 Qf5 29.Qxf5 gxf5
30.g3 Rd8 31.Rb7 Nc5 32.Ra7 a4 33.Ra5 Nd3 34.Rxa4 Nxb2 35.Ra7 Kf8 36.Rc7 Nd3
37.Rxc4 Ne1 38.Bh5 Rxd5 39.Rc7 Rd3 40.Rxf7+ Kg8 41.Rxf5 Rxg3 42.Rg5+ Rxg5  1-0

[Event "SWZ-chT"]
[Site "?"]
[Date "1993.??.??"]
[Round "?"]
[White "Ekstroem, Roland"]
[Black "Gavrikov, Viktor"]
[Result "0-1"]
[WhiteElo "2420"]
[BlackElo "2575"]

1.Nf3 Nf6 2.c4 c5 3.Nc3 e6 4.g3 b6 5.Bg2 Bb7 6.O-O Be7 7.d4 cxd4 8.Qxd4 d6
9.Rd1 a6 10.b3 Nbd7 11.e4 Qc8 12.Bb2 O-O 13.Rac1 Rd8 14.h3 Qb8 15.Qe3 Re8
16.Nd4 Bf8 17.Re1 Qc7 18.Qe2 Rad8 19.Nd5 Qb8 20.Nxf6+ Nxf6 21.Nc2 Nd7 22.f4 Qa8
23.Kh2 Rc8 24.a3 Rc7 25.Ne3 Nc5 26.e5 Bxg2 27.Nxg2 Nxb3 28.Rcd1 dxe5 29.Bxe5 Rcc8
30.Rd7 Nc5 31.Rdd1 Qc6 32.Ne3 Red8 33.Ng4 f5 34.Nf2 Rxd1 35.Rxd1 Nb7 36.Nd3 Na5
37.Nb4 Qxc4 38.Qxc4 Nxc4 39.Nxa6 Nxe5 40.fxe5 Rc2+ 41.Kh1 Re2 42.Rd8 Rxe5
43.Nb8 Re1+ 44.Kg2 Kf7 45.a4 Re2+ 46.Kf3 Ra2 47.Nd7 Bc5 48.Nxc5 bxc5 49.Ra8 Kf6
50.h4 Ra3+ 51.Kf2 c4 52.a5 g6 53.a6 Ke5 54.a7 Ke4 55.h5 gxh5 56.Rc8 Ra2+  0-1

[Event "SWZ-chT"]
[Site "?"]
[Date "1993.??.??"]
[Round "?"]
[White "Wirthensohn, Heinz"]
[Black "Giertz, Niklaus"]
[Result "1/2-1/2"]
[WhiteElo "2400"]
[BlackElo "2235"]

1.Nf3 Nf6 2.c4 c5 3.Nc3 d5 4.cxd5 Nxd5 5.e3 e6 6.d4 Nc6 7.Bc4 cxd4 8.exd4 Be7
9.O-O O-O 10.Re1 Bf6 11.Ne4 h6 12.Qd3 Na5 13.Bb5 Bd7 14.Bxd7 Qxd7 15.Ne5 Qd8
16.Nxf6+ Nxf6 17.Re3 Qd5 18.Rg3 Kh8 19.Rh3 Nc6 20.Bxh6 gxh6 21.Qe3 Ng8 22.Rxh6+ Nxh6
23.Qxh6+ Kg8 24.Qg5+ Kh8 25.Qh5+ Kg7 26.Qg4+ Kf6 27.Qh4+ Kg7 28.Qg5+ Kh7
29.Re1 Qxd4 30.Qh5+ Kg7 31.Qg5+ Kh7 32.Ng4 f5 33.Qh6+ Kg8 34.Qxe6+ Kh7 35.Qh6+ Kg8
36.Qe6+ Kh7 37.Qh6+  1/2-1/2

[Event "Tel Aviv ASA"]
[Site "Tel Aviv"]
[Date "1993.??.??"]
[Round "11"]
[White "Soffer, Ram"]
[Black "Godes, Dmitry R"]
[Result "1-0"]
[WhiteElo "2450"]
[BlackElo "2430"]

1.c4 c5 2.Nf3 Nf6 3.Nc3 e6 4.g3 Nc6 5.Bg2 Be7 6.d4 cxd4 7.Nxd4 Ne5 8.b3 a6
9.O-O Qc7 10.Bb2 h5 11.Qd2 h4 12.Nf3 hxg3 13.hxg3 Neg4 14.Rad1 Rb8 15.Qf4 Qxf4
16.gxf4 b5 17.cxb5 axb5 18.Ne5 b4 19.Na4 Bb7 20.Bxb7 Rxb7 21.Rc1 O-O 22.Kg2 Nxe5
23.fxe5 Nd5 24.Rfd1 Ra8 25.Rc4 f5 26.exf6 gxf6 27.Rg4+ Kf7 28.e4 Rxa4 29.bxa4 Nc3
30.Rh1 e5 31.Bxc3 bxc3 32.Rg3 Rc7 33.Rc1 Bb4 34.Rd3 Ke6 35.a3 Ba5 36.Rd5 Bb6
37.Rb5 Bd4 38.Kf3 Ra7 39.a5 Kd6 40.Ke2 Kc6 41.a4 Ra8 42.Kd3 Rh8 43.Rxc3+  1-0

[Event "Ticino op"]
[Site "Ticino"]
[Date "1993.??.??"]
[Round "5"]
[White "Arbakov, Valentin"]
[Black "Borgo, Giulio"]
[Result "1/2-1/2"]
[WhiteElo "2460"]
[BlackElo "2370"]

1.c4 Nf6 2.Nc3 c5 3.Nf3 d5 4.cxd5 Nxd5 5.e3 Nc6 6.Bb5 Nb4 7.O-O a6 8.Bxc6+ Nxc6
9.d4 e6 10.Qa4 Bd7 11.Qb3 Na5 12.Qc2 Bc6 13.Rd1 Bxf3 14.gxf3 cxd4 15.exd4 Bd6
16.d5 Qh4 17.Ne4 Qxh2+ 18.Kf1 O-O 19.dxe6 Be5 20.e7 Rfe8 21.Ke2 Nc6 22.Be3 Rac8
23.Qd3 Qh4 24.Bc5 g6 25.Qd7 Qf4 26.Rac1 Bxb2 27.Be3 Qc7 28.Rb1 Qxd7 29.Rxd7 Be5
30.Rbxb7 f5  1/2-1/2

[Event "SVK-ch"]
[Site "Topolcianky"]
[Date "1993.??.??"]
[Round "4"]
[White "Sarkozy, Ladislav"]
[Black "Kantorik, Marian"]
[Result "0-1"]
[WhiteElo "2320"]
[BlackElo "2235"]

1.Nf3 c5 2.c4 Nf6 3.Nc3 d5 4.cxd5 Nxd5 5.e4 Nb4 6.Bc4 Nd3+ 7.Ke2 Nf4+ 8.Kf1 Ne6
9.Ne5 Nc6 10.Nxc6 bxc6 11.d3 g6 12.Be3 Bg7 13.g3 O-O 14.Kg2 Nd4 15.Ne2 Bg4
16.Bxd4 cxd4 17.h3 Bd7 18.h4 h6 19.Nf4 Kh7 20.Nh3 e5 21.Qd2 Qe7 22.Rh2 Be6
23.Bxe6 Qxe6 24.f3 c5 25.h5 g5 26.g4 Rfc8 27.Nf2 c4 28.dxc4 Rxc4 29.Nd3 Rac8
30.Kg3 Bf8 31.a3 Qc6 32.Rf1 Bd6 33.Qd1 Qb5 34.Rff2 a5 35.Rd2 Kg8 36.Rhf2 Kf8
37.Rf1 Ke7 38.Qe2 Qb3 39.Qd1 Qb5 40.Qe2 Qb3 41.Ra1 R8c6 42.Qd1 Qb5 43.Rc1 Rxc1
44.Nxc1 Qc4 45.Nd3 Ke6 46.Kg2 Ke7 47.Ne1 Qb5 48.Rf2 Kf6 49.Qd3 Qa4 50.Rc2 Kg7
51.Rxc6 Qxc6 52.Qc2 Qa6 53.a4 Qb6 54.Nd3 Qa6 55.Kf2 Kf6 56.Ke2 Kg7 57.Qb3 Qc6
58.Kd1 Qc7 59.Qc2 Qb6 60.Qc4 Kg8 61.Kd2 Kg7 62.Kd1 Kg8 63.Ke2 Kg7 64.Kd2 Kg8
65.Kc2 Kg7 66.Nc1 Kg8 67.Ne2 Bb4 68.Ng3 d3+ 69.Qxd3 Qf2+ 70.Ne2 Kg7 71.Kb3 Qb6
72.Ka2 Qe6+ 73.Qb3 Qd7 74.Ng3 Kh7 75.Nf5 Qe8 76.Qd5 Qxa4+ 77.Kb1 Qe8 78.b3 Bf8
79.Qxa5 Qb8 80.Qd5 Kg8 81.Kc2 Qc7+ 82.Qc4 Qa7 83.Qd3 Qf2+ 84.Kc3 Qc5+ 85.Kd2 Qf2+
86.Qe2 Qa7 87.Qd1 Qf2+ 88.Kd3 Kh7 89.Qe2 Qg1 90.Ne3 Qa1 91.Qc2 Qd4+ 92.Ke2 Bc5
93.Qd3 Qb2+ 94.Nc2 Bd4 95.b4 Kg7 96.b5 Kf6 97.Qc4 Kg7 98.Kd3 Bb6 99.Qb4 Qc1
100.Qd2 Qf1+ 101.Qe2 Qb1 102.Kc4 Qa2+ 103.Kb4  0-1

[Event "UZB-ch"]
[Site "?"]
[Date "1993.??.??"]
[Round "14"]
[White "Grinshpun, Eduard"]
[Black "Iuldachev, Saidali"]
[Result "1/2-1/2"]
[WhiteElo "2400"]
[BlackElo "2410"]

1.Nf3 Nf6 2.c4 c5 3.Nc3 e6 4.g3 Nc6 5.Bg2 d6 6.d4 cxd4 7.Nxd4 Bd7 8.O-O a6
9.b3 Be7 10.Bb2 Rc8 11.Rc1 O-O 12.Qd2 Qb6 13.Rfd1 Rfd8 14.e3 Be8 15.h3 Nb4  1/2-1/2

[Event "Warsaw op"]
[Site "Warsaw"]
[Date "1993.??.??"]
[Round "7"]
[White "Shvedchikov, Anatoli I"]
[Black "Cybulak, Adam"]
[Result "1-0"]
[WhiteElo "2405"]
[BlackElo "2305"]

1.c4 c5 2.Nf3 Nf6 3.Nc3 d5 4.cxd5 Nxd5 5.g3 Nc6 6.Bg2 Nc7 7.d3 e5 8.Nd2 Bd7
9.O-O Be7 10.Nc4 f6 11.a4 Ne6 12.f4 exf4 13.gxf4 O-O 14.Nd5 b6 15.Bd2 Rc8
16.e3 Kh8 17.Bc3 Nc7 18.Nxe7 Nxe7 19.e4 Nc6 20.Qh5 Be8 21.Qg4 Nd4 22.Rf2 Rb8
23.Qd1 a5 24.Qe1 Bc6 25.Qe3 Qd7 26.Bh3 Nce6 27.Bxd4 cxd4 28.Qg3 Qe7 29.Bxe6 Qxe6
30.f5 Qe7 31.Qd6 Qxd6 32.Nxd6 Rbd8 33.Nc4 Rb8 34.b3 Rfd8 35.Rc2 Be8 36.Kf2 Bf7
37.Nd2 h6 38.Rc7 Bg8 39.Ke2 b5 40.axb5 Rxb5 41.Ra3 Rdb8 42.Ra7 Bxb3 43.R3xa5 Rxa5
44.Rxa5 Rb4 45.Nf3 Bf7 46.Nh4 Kh7 47.Ng2 Rb2+ 48.Kf3 Rd2 49.Ra3 Bh5+ 50.Kg3 g5
51.fxg6+ Bxg6 52.Nf4 Bf7 53.Ra7 Kg8 54.Rd7 Kf8 55.Rxd4 Ke7 56.Rb4 Rd1 57.Rb7+ Kf8
58.Kg4 Kg7 59.Kf5 Rf1 60.d4 Kf8 61.d5 Bg6+ 62.Kxg6 Rxf4 63.d6 Rxe4 64.Rb8+ Re8
65.Rxe8+ Kxe8 66.Kxh6  1-0

[Event "Wijk op"]
[Site "Wijk aan Zee"]
[Date "1993.??.??"]
[Round "2"]
[White "Cifuentes Parada, Roberto"]
[Black "Grooten, Herman"]
[Result "1-0"]
[WhiteElo "2480"]
[BlackElo "2410"]

1.c4 c5 2.Nf3 Nf6 3.Nc3 b6 4.g3 Bb7 5.Bg2 g6 6.O-O Bg7 7.Re1 d6 8.e4 Nbd7
9.d4 cxd4 10.Nxd4 Rc8 11.e5 dxe5 12.Bxb7 exd4 13.Bxc8 dxc3 14.Bxd7+ Nxd7
15.Rb1 O-O 16.bxc3 Qc8 17.Rxe7 Rd8 18.Bf4 Bf6 19.Re3 g5 20.Bd6 Qxc4 21.Be7 Bxe7
22.Rxe7 Qc6 23.Qd4 Kf8 24.Rbe1 f6 25.Rxh7  1-0

[Event "Sonnevanck"]
[Site "Wijk aan Zee"]
[Date "1993.??.??"]
[Round "5"]
[White "Reinderman, Dimitri"]
[Black "Johansen, Darryl K"]
[Result "1-0"]
[WhiteElo "2435"]
[BlackElo "2495"]

1.c4 e6 2.Nc3 c5 3.Nf3 Nf6 4.d4 cxd4 5.Nxd4 Bb4 6.Nb5 d5 7.Bf4 O-O 8.e3 Nc6
9.a3 Bxc3+ 10.Nxc3 h6 11.Bg3 b6 12.cxd5 exd5 13.Bb5 Bb7 14.O-O a6 15.Bxc6 Bxc6
16.Bh4 g5 17.Bg3 Re8 18.Ne2 Bb5 19.Re1 Bxe2 20.Rxe2 Rc8 21.f3 d4 22.exd4 Rxe2
23.Qxe2 Qxd4+ 24.Bf2 Qc4 25.Qxc4 Rxc4 26.Bxb6 Nd5 27.Bf2 Rc2 28.b4 f5 29.Kf1 f4
30.Rd1 Ne3+ 31.Bxe3 fxe3 32.Rd6 Rf2+ 33.Ke1 Rxg2 34.Rxh6 a5 35.bxa5 Kg7 36.Re6 Rxh2
37.a6 Kf7 38.a7 Rh8 39.Ra6 Ra8 40.Ke2 Ke7 41.Kxe3 Kd7 42.Rg6 Kc7 43.Rxg5 Re8+
44.Kd4 Kb7 45.Ra5 Rd8+ 46.Ke5 Re8+ 47.Kd6 Ka8 48.f4 Rf8 49.f5 Rf6+ 50.Ke7  1-0

[Event "Wijk op"]
[Site "Wijk aan Zee"]
[Date "1993.??.??"]
[Round "11"]
[White "Huzman, Alexander"]
[Black "Grooten, Herman"]
[Result "1-0"]
[WhiteElo "2510"]
[BlackElo "2410"]

1.Nf3 Nf6 2.c4 c5 3.Nc3 b6 4.e3 g6 5.d4 Bg7 6.Be2 O-O 7.O-O a6 8.a3 d6 9.b4 Nbd7
10.Rb1 e6 11.bxc5 bxc5 12.d5 e5 13.e4 h6 14.g3 Nh5 15.Ne1 Ndf6 16.Ng2 Bh3
17.Bd2 Ra7 18.Rb2 Qd7 19.Rb6 Kh8 20.Qb3 Nh7 21.Qa4 Qe7 22.Rxa6 Rfa8 23.Rxa7 Rxa7
24.Qb3 Ng5 25.a4 f5 26.exf5 Rb7 27.Qd1 Bxf5 28.g4 Nh3+ 29.Kh1 N5f4 30.gxf5 gxf5
31.Bxf4 exf4 32.Nb5 f3 33.Bxf3 Be5 34.Bh5 Nf4 35.Nxf4 Bxf4 36.Qa1+ Kh7 37.Rg1 Qe4+
38.f3 Qe2 39.Bg6+ Kg8 40.Bf7+ Kxf7 41.Qg7+ Ke8 42.Qg8+ Ke7 43.Rg7+ Kf6 44.Qf8+  1-0

[Event "SWZ-GP Wohlen"]
[Site "Wohlen"]
[Date "1993.??.??"]
[Round "2"]
[White "Gavrikov, Viktor"]
[Black "Atlas, Valeri"]
[Result "1-0"]
[WhiteElo "2575"]
[BlackElo "2470"]

1.Nf3 Nf6 2.c4 e6 3.Nc3 c5 4.e3 a6 5.d4 Qc7 6.Bd3 d6 7.O-O Nbd7 8.a4 Be7
9.h3 O-O 10.d5 Ne5 11.Nxe5 dxe5 12.e4 exd5 13.exd5 Bd6 14.Qc2 h6 15.a5 Nh5
16.Ne4 Nf4 17.Nxd6 Qxd6 18.Re1 Bd7 19.Bf1 Rae8 20.Qc3 f5 21.Ra3 Qc7 22.b4 cxb4
23.Qxb4 Rf6 24.Rb3 Ref8 25.Qxb7 Qxa5 26.Rxe5 Ng6 27.Re2 R6f7 28.Qb6 Qa4 29.Re1 Nh4
30.Ra3 Qc2 31.Bd3  1-0